Power electronics and motor drive systems / (Record no. 576)

MARC details
000 -LEADER
fixed length control field 00752cam a22002657i 4500
001 - CONTROL NUMBER
control field 19362271
003 - CONTROL NUMBER IDENTIFIER
control field OSt
005 - DATE AND TIME OF LATEST TRANSACTION
control field 20250420134816.0
008 - FIXED-LENGTH DATA ELEMENTS--GENERAL INFORMATION
fixed length control field 161102s2017 enka 001 0 eng d
010 ## - LIBRARY OF CONGRESS CONTROL NUMBER
LC control number 2016958646
020 ## - INTERNATIONAL STANDARD BOOK NUMBER
International Standard Book Number 9780128117989
035 ## - SYSTEM CONTROL NUMBER
System control number (OCoLC)ocn973272314
040 ## - CATALOGING SOURCE
Original cataloging agency SINAP
Language of cataloging eng
Transcribing agency KCST
Description conventions rda
042 ## - AUTHENTICATION CODE
Authentication code lccopycat
050 00 - LIBRARY OF CONGRESS CALL NUMBER
Classification number TK7881.15
Item number .M35 2017
082 ## - DEWEY DECIMAL CLASSIFICATION NUMBER
Classification number 621.317
Item number Ma Po
100 1# - MAIN ENTRY--PERSONAL NAME
Personal name Manias, Stefanos N.
9 (RLIN) 4967
245 10 - TITLE STATEMENT
Title Power electronics and motor drive systems /
Statement of responsibility, etc. Stefanos N. Manias.
260 ## - PUBLICATION, DISTRIBUTION, ETC.
Place of publication, distribution, etc. London :
Name of publisher, distributor, etc. Academic Press,
Date of publication, distribution, etc. 2017.
300 ## - PHYSICAL DESCRIPTION
Extent xxix, 978 pages :
Other physical details illustrations ;
Dimensions 23 cm
650 #0 - SUBJECT ADDED ENTRY--TOPICAL TERM
Topical term or geographic name entry element Power electronics
Form subdivision Textbooks.
9 (RLIN) 1120
655 #7 - INDEX TERM--GENRE/FORM
Genre/form data or focus term Textbooks.
9 (RLIN) 4759
942 ## - ADDED ENTRY ELEMENTS (KOHA)
Koha item type Book
942 ## - ADDED ENTRY ELEMENTS (KOHA)
Source of classification or shelving scheme Dewey Decimal Classification
Holdings
Withdrawn status Lost status Source of classification or shelving scheme Damaged status Not for loan Home library Current library Date acquired Cost, normal purchase price Total checkouts Full call number Barcode Date last seen Price effective from Koha item type
    Dewey Decimal Classification     KCST Library KCST Library 09/08/2020 33.78   621.317 Ma Po 1000000675 09/08/2020 09/08/2020 Book
© 2025 KCST. All rights reserved